মধ্যযুগের বাঙলা নাট্য / (Record no. 81679)
[ view plain ]
| 000 -LEADER | |
|---|---|
| fixed length control field | 00862nam a2200229 a 4500 |
| 001 - CONTROL NUMBER | |
| control field | 81679 |
| 003 - CONTROL NUMBER IDENTIFIER | |
| rucl marc code | BD-RjUL |
| 005 - DATE AND TIME OF LATEST TRANSACTION | |
| control field | 20230813124729.0 |
| 008 - FIXED-LENGTH DATA ELEMENTS--GENERAL INFORMATION | |
| fixed length control field | 230813s2018 bg ||||| |||| 00| 0 eng d |
| 035 ## - SYSTEM CONTROL NUMBER | |
| System control number | (BD-RjUL)81679 |
| 040 ## - CATALOGING SOURCE | |
| Original cataloging agency | BD-RjUL |
| Language of cataloging | eng |
| Transcribing agency | BD-RjUL |
| 041 ## - LANGUAGE CODE | |
| Language code of text/sound track or separate title | ben |
| 082 ## - DEWEY DECIMAL CLASSIFICATION NUMBER | |
| Edition number | 23 |
| Classification number | 891.44209 |
| Author mark and year | DEM 2018 |
| 100 ## - MAIN ENTRY--PERSONAL NAME | |
| Personal name | দীন, সেলিম আল |
| 245 10 - TITLE STATEMENT | |
| Title | মধ্যযুগের বাঙলা নাট্য / |
| Statement of responsibility, etc. | সেলিম আল দীন |
| 250 ## - EDITION STATEMENT | |
| Edition statement | ১ম হাওলাদার সং. |
| 260 ## - PUBLICATION, DISTRIBUTION, ETC. (IMPRINT) | |
| Place of publication, distribution, etc. | ঢাকা : |
| Name of publisher, distributor, etc. | হাওলাদার প্রকাশনী, |
| Date of publication, distribution, etc. | ২০১৮ |
| 300 ## - PHYSICAL DESCRIPTION | |
| Pagination | ৪৬১ পৃ.; |
| Size | ২২ সেমি. |
| 650 ## - SUBJECT ADDED ENTRY--TOPICAL TERM | |
| Topical term or geographic name as entry element | বাংলা নাটক |
| General subdivision | ইতিহাস ও সমলোচনা |
| 9 (RLIN) | 8325 |
| Topical term or geographic name as entry element | Bengali Drama |
| General subdivision | History and Criticism |
| 9 (RLIN) | 1754 |
| 942 ## - ADDED ENTRY ELEMENTS (KOHA) | |
| Source of classification or shelving scheme | Dewey Decimal Classification |
| Koha item type | Books |
| Lost status | Source of classification or shelving scheme | Damaged status | Not for loan | Collection code | Permanent Location | Current Location | Shelving location | Date acquired | Source of acquisition | Cost, normal purchase price | Total Checkouts | Full call number | Date last seen | Copy number | Koha item type | Date checked out |
|---|---|---|---|---|---|---|---|---|---|---|---|---|---|---|---|---|
| Dewey Decimal Classification | Not For Loan | Non-fiction | Central Library, University of Rajshahi | Central Library, University of Rajshahi | Reading Room | 19/06/2023 | Rajshahi : Biddasagar | 440.00 | B 891.44209 DEM 2018 | 13/08/2023 | C-1 | Books | ||||
| Dewey Decimal Classification | Non-fiction | Central Library, University of Rajshahi | Central Library, University of Rajshahi | General Stacks | 19/06/2023 | Rajshahi : Biddasagar | 440.00 | 1 | B 891.44209 DEM 2018 | 25/02/2024 | C-2 | Books | 15/02/2024 |